000
00304nam a2200121Ia 4500
008
190216s9999||||xx |||||||||||||| ||und||
100
_a
Edasseri Govindan Nair
245
0
_a
Puthankalavum Arivalum Pootappattum
260
_b
National Book Stall
_c
1981
300
_a
51p
650
_a
Padanam
942
_c
BK
999
_c
25448
_d
25448